000
00323 a2200145 4500
001
148927
040
_c
Escola São Tomás de Aquino
100
_a
ALVIN, Bebete
240
1
0
_a
Vovô e o Gênio
_l
por
245
1
0
_a
Vovô e o Gênio
362
0
_a
2002
440
1
_a
Scipione
697
_a
*LITERATURA INFANTO
942
_c
BK
999
_c
148927
_d
148927